Datum a čas kvízu

42 Celkem bodů Celkový počet nahraných bodů na tomto kvízu bez doplňovacích otázek.
1. Pořadí na kvízu Konečné umístění týmu na tomto kvízu.

Zaznamenané odpovědi

# Otázka Odpověď Body Výsledky
1. Ve středu schválil Senát tři n... Daniela Zemanová, Josef Baxa, Jan Wintr 1
2. Britský inženýr Michael Wallhe... popelnici 0
3. Doplňte název filmu, který měl... paralelními světy 1
4. 56letý politik a advokát Zdeně... Hospodářská komora (ČR) 1
5. Poměrně sledovanou událostí by... druhý 1
6. Pánové Svěrák, Smoljak a Cimrm... Václav IV. (Lucemburský) 1
7. Napište jméno českého národníh... Miroslav Tyrš 1
8. Historicky nejstarší postavou... 12. století (11. a 13. za půlbod) 0.5
9. Významní Češi získali od svého... C 0
10. Své místo v Českém nebi má tak... Koňský trh, Dobytčí trh 0.5